000 00412nam a2200169Ia 4500
003 GCL
008 140319s9999 xx 000 0 eng d
040 _aGCL /
_cGCL
082 0 4 _a102
_bC P
100 1 _aCASSIRER, ERNST
245 1 0 _aLA PHILOSOPHIE DES LUMIERES /
_cCASSIRER, ERNST
260 _a[S.N] :
_bFAYARD ،
_c1966
300 _a351
650 0 4 _aRELIGION
650 0 4 _aPHILOSOPHY
942 _2ddc
_cBK
999 _c25417
_d25417